A turizmus szerepe a Kanári-szigeteken Lanzarote idegenforgalmának elemzése

Bibliográfiai részletek
Szerző: Tóth Fruzsina
További közreműködők: Remenyik Dr. Bulcsú
Dokumentumtípus: Diplomadolgozat
Kulcsszavak:Turizmus, Kanári-szigetek
Turizmus, Lanzarote
SWOT analízis
Online Access:http://dolgozattar.uni-bge.hu/59404

MARC

LEADER 00000nta a2200000 i 4500
001 dolg59404
005 20260114153448.0
008 260114suuuu hu om 000 hun d
040 |a BGE Dolgozattár Repozitórium  |b hun 
041 |a hu 
100 1 |a Tóth Fruzsina 
245 1 2 |a A turizmus szerepe a Kanári-szigeteken  |b Lanzarote idegenforgalmának elemzése  |c Tóth Fruzsina  |h [elektronikus dokumentum] 
695 |a Turizmus, Kanári-szigetek 
695 |a Turizmus, Lanzarote 
695 |a SWOT analízis 
700 1 |a Remenyik Dr. Bulcsú  |e ths 
856 4 0 |u http://dolgozattar.uni-bge.hu/59404/1/Toth-Fruzsina.pdf  |z Dokumentum-elérés